000 00827nam a22002417a 4500
003 KOHA_MİRAKIL
005 20260424112248.0
008 260421b tu ||||| |||| 00| 0 tur d
020 _a9758410717
040 _aTR-AnABB
_btur
_cTR-AnABB
041 _atur
082 _a956.103
_bOZA 2005
100 1 _aÖzakıncı, Cengiz
245 1 0 _aTürkiye'nin siyasi intiharı yeni-Osmanlı tuzağı :
_bOsmanlı'dan günümüze din üzerinden emperyalist oyunlar /
_cCengiz Özakıncı
250 _a35. basım
260 _aİstanbul :
_bOtopsi Yayınları,
_c2022
300 _a752 sayfa ;
_c20 cm
500 _aYazar tarafından Prof. Dr. Ruşen Keleş için imzalanmıştır.
650 0 4 _aTarih, Türkiye
650 0 4 _aSiyasi tarih, Türkiye
900 _bCan ÇELIK
942 _2ddc
_cBK
999 _c10319
_d10319